书目信息 |
| 题名: |
数学在企业管理中的应用
|
|
| 作者: | 施斌 编著 | |
| 分册: | ||
| 出版信息: | 北京 海洋出版社 1986 |
|
| 页数: | 352页 | |
| 开本: | 19cm | |
| 丛书名: | ||
| 单 册: | ||
| 中图分类: | F224.0 | |
| 科图分类: | ||
| 主题词: | 经济数学-应用-企业管理 , 企业管理-经济数学-应用 | |
| 电子资源: | ||
| ISBN: | ||
| 000 | 00659nam0 2200241 45 | |
| 001 | 0186018168 | |
| 005 | 20060811092409.70 | |
| 010 | @dCNY2.40 | |
| 091 | @aCN@b4193.0860 | |
| 100 | @a19900726d1986 em y0chiy0121 ea | |
| 101 | 0 | @achi |
| 102 | @aCN@b110000 | |
| 105 | @ay z 000yy | |
| 200 | 10 | @a数学在企业管理中的应用@Ashu xue zai qi ye guan li zhong de ying yong@f施斌编著 |
| 210 | @a北京@c海洋出版社@d1986 | |
| 215 | @a352页@d19cm | |
| 606 | @a经济数学-应用-企业管理 | |
| 606 | @a企业管理-经济数学-应用 | |
| 690 | @aF224.0@v3 | |
| 701 | 0 | @a施斌@Ashi bin@4编著 |
| 801 | 2 | @aCN@bNLC@c20060811 |
| 801 | 0 | @aCN@bTSSF |
| 905 | @a10447@dF224.0@e183 | |
| 数学在企业管理中的应用/施斌编著.-北京:海洋出版社,1986 |
| 352页;19cm |
| ISBN :CNY2.40 |
| ● |
| 相关链接 |
|
|
|
|
正题名:数学在企业管理中的应用
索取号:F224.0/183
 
预约/预借
| 序号 | 登录号 | 条形码 | 馆藏地/架位号 | 状态 | 备注 |
| 1 | 0448634 | 204486341 | 密集书库/ [索取号:F224.0/183] | 在馆 |